| 000 | 00416nam a2200157Ia 4500 | ||
|---|---|---|---|
| 008 | 230917s9999||||xx |||||||||||||| ||und|| | ||
| 020 | _cPOU43.9 | ||
| 040 |
_e9403 _aMAIN |
||
| 041 | _aEnglish | ||
| 082 | _a320.9485 A84A | ||
| 100 | _aAnton, Thomes J | ||
| 245 | 0 | _aAdministered politics: Elite political culture in Sweden | |
| 260 |
_aBoston _bMartinus Nijihoff _c1980 |
||
| 300 | _axiii, 203 p. | ||
| 942 | _cBK | ||
| 999 |
_c203281 _d203281 |
||